Drapeaux de l’Union européenne - Mort subite - Statistiques

Statistiques générales
  • Ce quiz a été pris 3 360 fois
  • Le résultat moyen est 5 sur 27
Answers on the Grid
Answers color-coded by a green-red scale on the quiz's grid according to % correct below.
Trulli
Trulli
Trulli
Trulli
Trulli
Trulli
Trulli
Trulli
Trulli
Trulli
Trulli
Trulli
Trulli
Trulli
Trulli
Trulli
Trulli
Trulli
Trulli
Trulli
Trulli
Trulli
Trulli
Trulli
Trulli
Trulli
Trulli
Trulli
Trulli
Trulli
Trulli
Trulli
Trulli
Trulli
Trulli
Trulli
Trulli
Trulli
Trulli
Trulli
Trulli
Trulli
Trulli
Trulli
Trulli
Trulli
Trulli
Trulli
Trulli
Trulli
Trulli
Trulli
Trulli
Trulli
Trulli
Trulli
Trulli
Trulli
Trulli
Trulli
Trulli
Trulli
Trulli
Trulli
 
Statistiques - réponses
Réponse % Correct
Trulli
32%
Trulli
28%
Trulli
27%
Trulli
26%
Trulli
25%
Trulli
24%
Trulli
20%
Trulli
20%
Trulli
18%
Trulli
18%
Trulli
17%
Trulli
16%
Trulli
16%
Trulli
14%
Trulli
14%
Trulli
14%
Trulli
13%
Trulli
12%
Trulli
12%
Trulli
12%
Trulli
12%
Trulli
12%
Trulli
11%
Trulli
11%
Trulli
11%
Trulli
11%
Trulli
10%
Aucun quiz correspondant
Distribution des résultats
% des personnes avec chaque résultat
Percentile par nombre de réponses
Votre historique - résultats
Vous n’avez pas pris ce quiz